| 000 | 00469nam a2200145 a 4500 | ||
|---|---|---|---|
| 082 |
_a388.05491 _bABD _cL-18, P-70 |
||
| 100 | 1 |
_aQuddus, Syed Abdul. _938858 |
|
| 245 | 1 | 0 |
_aPatterns of transport in Pakistan / _cSyed Abdul Quddus. |
| 260 |
_aLahore, Pakistan : _bIslamic Book Centre, _c1987. |
||
| 300 |
_axii, 366, [1] p. ; _c22 cm. |
||
| 526 |
_a0 _b0 _c0 _d388_054910000000000_ABD |
||
| 650 | 0 |
_aMCE _9379 |
|
| 650 | 0 |
_aTransportation _zPakistan. _938859 |
|
| 942 |
_2ddc _cBK |
||
| 999 |
_c543482 _d543482 |
||